Entropie: la signification de la notion d'entropie et ses applications scientifiques et techniques
Αποθηκεύτηκε σε:
| Κύριος συγγραφέας: | |
|---|---|
| Μορφή: | Βιβλίο |
| Γλώσσα: | Γαλλικά |
| Έκδοση: |
París
Dunod
1961
|
| Σειρά: | Bibliothèque Technique Philips
|
| Θέματα: | |
| Ετικέτες: |
Προσθήκη ετικέτας
Δεν υπάρχουν, Καταχωρήστε ετικέτα πρώτοι!
|
MARC
| LEADER | 00000nam a2200000 a 4500 | ||
|---|---|---|---|
| 001 | UCR4983 | ||
| 003 | CL-VaPUC | ||
| 008 | 980320e19610000FR |||||||||||||||||fre|d | ||
| 082 | 0 | 4 | |a 536.73 |b FAS |2 21 |
| 100 | 0 | |a Fast, J. D |e author |9 405646 | |
| 245 | 1 | 0 | |a Entropie: la signification de la notion d'entropie et ses applications scientifiques et techniques |
| 300 | |a 338 p | ||
| 942 | |c BK | ||
| 945 | |d 19980320 00:00:00 |a crobeson | ||
| 260 | |a París |b Dunod |c 1961 | ||
| 650 | 0 | |a Entropía |9 262675 | |
| 650 | 0 | |a Termodinámica |9 259320 | |
| 583 | |a last modification |c 19980320 00:00:00 |k Rodrigo Vera | ||
| 490 | 0 | |a Bibliothèque Technique Philips | |
| 999 | |c 267758 |d 267756 | ||
| 952 | |0 0 |1 0 |4 0 |6 536_730000000000000_FAS_1961 |7 0 |8 A |9 300271 |a BIBALI |b BIBALI |c GEN |d 2019-11-20 |i 1969137 |o 536.73 FAS 1961 |p 1969137 |r 2025-01-20 |w 2019-11-20 |y BK |k ALI | ||